000 00488nam a2200157 i 4500
001 104768
003 ES-MaACL
007 t|
008 051212s1970 mx ||||1| spa d
100 1 _aMiranda, Miguel Angel.
_981536
245 1 3 _aLa enseñanza, con dibujos, del análisis e interpretación de estados financieros /
_cpor Miguel A. Miranda.
250 _a1ª ed.
260 _aMéxico, D.F. :
_bPatria,
_c1970.
300 _a241 p. ;
_c23 cm.
852 _aES-MaACL
_jE-9719
_bR.93861
999 _c104768
_d104768